<?xml version="1.0" encoding="UTF-8"?>
<record
    xmlns:xsi="http://www.w3.org/2001/XMLSchema-instance"
    xsi:schemaLocation="http://www.loc.gov/MARC21/slim http://www.loc.gov/standards/marcxml/schema/MARC21slim.xsd"
    xmlns="http://www.loc.gov/MARC21/slim">

  <leader>01189nam a22001697a 4500</leader>
  <controlfield tag="008">140804b        xxu||||| |||| 00| 0 eng  d</controlfield>
  <datafield tag="020" ind1=" " ind2=" ">
    <subfield code="a">10047092649</subfield>
  </datafield>
  <datafield tag="050" ind1=" " ind2=" ">
    <subfield code="a">HF5657.4.D29</subfield>
  </datafield>
  <datafield tag="100" ind1=" " ind2=" ">
    <subfield code="a">Davis, Charles E.</subfield>
  </datafield>
  <datafield tag="245" ind1=" " ind2=" ">
    <subfield code="a">Managerial accounting. /</subfield>
    <subfield code="c">Charles E. Davis</subfield>
  </datafield>
  <datafield tag="260" ind1=" " ind2=" ">
    <subfield code="a">U.S.A:</subfield>
    <subfield code="b">John Wiley &amp; Sons,</subfield>
    <subfield code="c">2001.</subfield>
  </datafield>
  <datafield tag="300" ind1=" " ind2=" ">
    <subfield code="a">xxvi,705p.:</subfield>
    <subfield code="b">ill.;</subfield>
    <subfield code="c">26cm.</subfield>
  </datafield>
  <datafield tag="500" ind1=" " ind2=" ">
    <subfield code="a">Includes index and glossary.</subfield>
  </datafield>
  <datafield tag="505" ind1=" " ind2=" ">
    <subfield code="a">Contents: Accounting as a tool for management: Focus on C&amp;C sports -- Cost behaviour and cost estimation -- Cost-volume-profit analysis and pricing decisions -- Product costing for manufacturing companies: Focus on process costing -- Focus on variable and absorption costing -- Planning and forecasting -- Performance evaluation: Variance analysis: Focus on standard costing systems -- Activity-based costing and activity-based management: Focus on customer profitability -- Using accounting information to make managerial decisions -- Capital budgeting -- Decentralization and performance evaluation -- Performance evaluation: revisited: A Balanced approach -- Financial statement analysis -- Statement of cash flows.</subfield>
  </datafield>
  <datafield tag="700" ind1=" " ind2=" ">
    <subfield code="a">Davis Elizabeth B.</subfield>
  </datafield>
  <datafield tag="942" ind1=" " ind2=" ">
    <subfield code="2">lcc</subfield>
    <subfield code="c">BK</subfield>
  </datafield>
  <datafield tag="999" ind1=" " ind2=" ">
    <subfield code="c">3236</subfield>
    <subfield code="d">10736</subfield>
  </datafield>
  <datafield tag="952" ind1=" " ind2=" ">
    <subfield code="0">0</subfield>
    <subfield code="1">0</subfield>
    <subfield code="2">lcc</subfield>
    <subfield code="4">0</subfield>
    <subfield code="7">0</subfield>
    <subfield code="a">WIUC-1</subfield>
    <subfield code="b">WIUC-1</subfield>
    <subfield code="c">REF</subfield>
    <subfield code="d">2014-08-04</subfield>
    <subfield code="l">0</subfield>
    <subfield code="o">HF5657.4.D29</subfield>
    <subfield code="p">7546/574/13</subfield>
    <subfield code="r">2014-08-04 00:00:00</subfield>
    <subfield code="t">1</subfield>
    <subfield code="w">2014-08-04</subfield>
    <subfield code="y">BK</subfield>
  </datafield>
</record>
